000
00373nam a2200145Ia 4500
008
230314s9999 xx 000 0 und d
020
_a
97815-43345-71-1
041
_a
eng
082
_a
SO/301/NEE/DB0995
100
_a
Neelam Kumari
245
_a
Textbook of Applied Sociology
260
_b
S Vikas and Co
_a
Jalandhar
_c
2022
300
_a
373p
999
_c
144146
_d
144146